• 首页
  • 本馆介绍
  • 公告通知
  • 最新文献
  • 馆藏检索
  • 电子资源
  • 读者导购
  • 参考咨询
  • 我的图书馆
  • 登录
  • 详细信息显示
  • 放入我的书架
  • 预约/预借图书
  • 作者相关作品
  • 分类相关作品
  • 丛书相关作品
  • 出版社相关作品

书目信息

  • 表格格式
  • 工作单格式
  • 卡片格式
题名:
考试管理的理论与技术
    
 
作者: 梁其健 , 葛为民 著
分册:  
出版信息: 武昌   华中师范大学出版社  2002
页数: 391页
开本: 20cm
丛书名: 新世纪考试科学丛书
单 册:
中图分类: G424.7
科图分类:
主题词: 学业评定
电子资源:
ISBN: 7-5622-2550-8
000 00751nam2 2200241 45
001 0410260882
005 20041026082802.2
010    @a7-5622-2550-8@dCNY25.00
100    @a20041026d2002 km y0chiy0120 ea
101 0  @achi
105    @a z 000yy
200 1  @a考试管理的理论与技术@AKao Shi Guan Li De Li Lun Yu Ji Shu@f梁其健,葛为民等著@FLiang Qi Jian,Ge Wei Min Deng Zhu
210    @a武昌@c华中师范大学出版社@d2002
215    @a391页@d20cm
225    @a新世纪考试科学丛书@f廖平胜主编
410    @12001 @a新世纪考试科学丛书
410    @1700 0@a廖平胜@ALiao Ping Sheng@4主编
606 0  @a学业评定
690    @aG424.7@v4
701  0 @a梁其健@4著
701  0 @a葛为民@4著
801    @aCN@bTSTCL@c20041026
905    @b336057-064@dG424.7@e98@f8
    
    考试管理的理论与技术/梁其健,葛为民等著.-武昌:华中师范大学出版社,2002
    391页;20cm.-(新世纪考试科学丛书/廖平胜主编)
    
    
    ISBN 7-5622-2550-8:CNY25.00
    
●
相关链接 在E读中查询图书 在五车中查询图书 在当当中查询图书 在豆瓣中查询图书


正题名:考试管理的理论与技术     索取号:G424.7/98         预约/预借

序号 登录号 条形码 馆藏地/架位号 状态 备注
1 0336057   203360576   第四借阅区/ [索取号:G424.7/98] 在馆    
2 0336058   203360585   密集书库/ [索取号:G424.7/98] 在馆    
3 0336059   203360594   第四借阅区/ [索取号:G424.7/98] 在馆    
4 0336060   203360601   第四借阅区/ [索取号:G424.7/98] 在馆    
5 0336061   203360610   第四借阅区/ [索取号:G424.7/98] 在馆    
6 0336062   203360629   密集书库/ [索取号:G424.7/98] 在馆    
7 0336063   203360638   密集书库/ [索取号:G424.7/98] 在馆    
8 0336064   203360647   第一样本阅览室/ [索取号:G424.7/98] 在馆    
唐山师范学院图书馆 欢迎您!
大连网信软件有限公司© 版权所有